Witchcraft and religion : The politics of popular belief / Christina Larner ; Edited by Alan Macfarlane (Registro nro. 46478)
[ vista simple ]
| 000 -LÍDER | |
|---|---|
| Campo fijo de descripción fija | 008130000a22001810004500 |
| 020 ## - NÚMERO INTERNACIONAL NORMALIZADO PARA LIBROS | |
| Número Internacional Normalizado del libro | 0-631-13447-6 |
| 082 04 - NÚMERO DE CLASIFICACIÓN DECIMAL DEWEY | |
| Número de clasificación | G 940.2 L17w |
| 001 - NÚMERO DE CONTROL | |
| Campo de control | 20125 |
| 100 1# - ASIENTO PRINCIPAL--NOMBRE PERSONAL | |
| Nombre personal | Larner, Christina |
| 245 10 - TÍTULO | |
| Título del Material | Witchcraft and religion : The politics of popular belief / Christina Larner ; Edited by Alan Macfarlane |
| 260 ## - PUBLICACIÓN, DISTRIBUCIÓN, ETC. (PIE DE IMPRENTA) | |
| Lugar de publicación, distribución, etc. | Oxford, England : Basil Blackwell |
| 300 ## - DESCRIPCIÓN FÍSICA | |
| Extensión | 172 páginas |
| 500 ## - NOTA GENERAL | |
| Nota General | Incluye índice (p. 167-172) |
| 501 ## - NOTA DE “CON” | |
| Nota de Contenido | Pasta dura |
| 505 00 - NOTA DE CONTENIDO | |
| Nota de contenido con formato preestablecido | James VI y I y la brujería - El delito de brujería en Escocia - El delito de brujería en Europa - Creencias de brujas y acusaciones en Inglaterra y Escocia - Brujería en el pasado y el presente - Creencia popular y educación en la cultura preindustrial |
| 650 14 - ASIENTO SECUNDARIO DE MATERIA - TERMINO TEMÁTICO | |
| Término temático o nombre geográfico como elemento de entrada | Hechicería - Brujería - Creencias - Historia \ Europa - Historia |
| 942 ## - TIPO DE MATERIAL (KOHA) | |
| Tipo de Item KOHA | Libros General |
| Estado de Material | Estado de Perdido | Estado de Dañado | No para Préstamo | Colección | Tomo | Biblioteca de Origen | Biblioteca Permanente | Fecha de Adquisición | Total de Préstamos | Signatura Topográfica | Código de Barras | Última vez visto | Ejemplar/Existencia | Fecha de Remplazo | Tipo de Material |
|---|---|---|---|---|---|---|---|---|---|---|---|---|---|---|---|
| Colección General | Biblioteca FUSBC | Biblioteca FUSBC | 23/06/2015 | G 940.2 L17w | 20797 | 12/12/2019 | 1 | 26/01/2016 | Libros General |
